000 00839nam a22002417a 4500
005 20090202142935.0
008 090202t xxu||||| |||| 00| 0 eng d
010 _aENG-92754
020 _c75.00
035 _aEN-76287
037 _bDBAD / PUB
040 _adpl
_bEnglish
082 _a332.4
100 _aKamalakannan, R.
245 _aMonetary economcis /
_cby R. Kamalakannan
260 _aChennai
_bCharu Pubications
_c2008
270 _aNew #2, Old, #122, Gothavari Street, Chinmayanagar,
_bChennai
_e600111
300 _a190p.
_c24cn (pbk)
650 _aMoney.
650 _aMonetary policy.
942 _2ddc
_cEN
_mKAM
_h332.4
999 _c22856
_d22856